000 00517nam a2200181Ia 4500
008 230714s9999 xx 000 0 und d
020 _a9780000000000
041 _aeng
082 _a621
_bALC
100 _aAlciatore D.G.
245 _aIntroduction To Mechatronics And Measurement Systems
250 _a3rd Ed.
260 _c2010
_bTata McGraw-Hill
300 _a509
365 _cRs.
_b450.00
700 _aAlciatore D.G. & Histand M.B.
_9188608
906 _dO:0089709-Jul-2010B:109225-Jun-2010
_cME INS
_b562.5
999 _c200860
_d200860